[Event "ICS Rated blitz match"]
[Site "207.99.5.190"]
[Date "1999.03.10"]
[Round "?"]
[White "Hossa"]
[Black "TDChess"]
[Result "0-1"]
[WhiteElo "2468"]
[BlackElo "2560"]
[Annotator "Crafty v16.5"]
[PlyCount "113"]

{annotating for player Hossa using a scoring margin of +0.10 pawns. search
time limit is 20.00} 1. e4 1... d5 2. exd5 Qxd5 3. Nc3 Qe6+ 4. Be2 Qg6 5. Bf3
Nc6 6. Nb5 Kd8 7. d3 Ne5 8. Be4 f5 9. Bf3 Bd7 10. Nd4 Kc8 11. g3 Qa6 12. Bg2
Ng4 13. f3 ({8:-0.07} 13. f3 13... Qa5+ 14. Bd2 Qc5 15. Nge2 e5 16. b4 Qd6 17.
Nb3 $10) ({8:+0.07} 13. Ngf3 13... N8f6 14. O-O e5 15. Nb3 e4 16. Ng5 16... Qc6
$10) 13... N4f6 14. Bh3 ({8:-0.23} 14. Bh3 14... e6 15. Nge2 Bd6 16. Nb3 Qb6
17. Bf4 17... Ne7 $10) ({8:+0.02} 14. Nge2 14... e5 15. Nb3 Bd6 16. Bg5 Qb6 17.
Rf1 17... Ne7 $10) 14... g6 15. Nge2 e5 16. Nb3 Qb6 17. Nc3 Ne7 18. Bg2 Ned5
19. Qe2 Bb4 20. Bd2 Nxc3 21. bxc3 Ba3 22. Rb1 Re8 23. Be3 Qa6 24. O-O f4 25.
Bc5 Rb8 26. g4 g5 27. Rfe1 Bxc5+ 28. Nxc5 Qxa2 29. Ra1 Qb2 30. Nxd7 Kxd7 31.
Rxa7 Qxc3 32. Kh1 Nd5 33. Qe4 Ne3 34. Re2 Qd4 35. Ra4 Qxe4 36. Rxe4 Ra8 37. h3
Ra2 38. Kh2 Nxc2 39. d4 Rea8 40. dxe5 Ne3 41. R2xe3 fxe3 42. Rxe3 Rb2 43. Kg3
Ra1 44. h4 gxh4+ 45. Kxh4 Rxg2 46. Kg5 Ke6 47. Rc3 c6 48. Rb3 b5 49. Re3 c5 50.
Rc3 c4 51. Kf4 Re2 52. g5 Rxe5 53. g6 hxg6 54. Kg3 Re2 55. f4 Kd5 56. Kh3 Ke4
57. Kg4 0-1

[Event "ICS Rated standard match"]
[Site "207.99.5.190"]
[Date "1999.03.10"]
[Round "?"]
[White "King-Grabbler"]
[Black "Hossa"]
[Result "0-1"]
[WhiteElo "2207"]
[BlackElo "2222"]
[PlyCount "29"]

1. e4 c5 2. f4 e5 3. Nf3 exf4 4. d3 g5 5. Be2 g4 6. Nfd2 Qh4+ 7. Kf1 d6 8. Qe1
Qxe1+ 9. Kxe1 Bg7 10. Nc4 Be5 11. c3 Be6 12. Rf1 f3 13. Nxe5 fxe2 14. Kxe2 dxe5
15. Bd2 {King-Grabbler resigns} 0-1

[Event "ICS Rated blitz match"]
[Site "207.99.5.190"]
[Date "1999.03.10"]
[Round "?"]
[White "Good-Boy"]
[Black "Hossa"]
[Result "1-0"]
[WhiteElo "2838"]
[BlackElo "2456"]
[Annotator "Crafty v16.5"]
[PlyCount "76"]

{annotating for player Hossa using a scoring margin of +0.10 pawns. search
time limit is 20.00} 1. e4 1... c5 2. Nf3 Nc6 3. d4 cxd4 4. Nxd4 Qa5+ 5. Nc3 a6
({9:-0.84} 5... a6 6. Nxc6 dxc6 7. Be2 Nf6 8. O-O Qe5 9. Bf3 Bd7 10. Be3 $16) (
{9:-0.36} 5... Nf6 6. Nb3 Qe5 7. f4 Qe6 8. Nc5 Qg4 9. Qxg4 Nxg4 10. Bc4 $14) 6.
Nb3 Qd8 7. Bd3 d6 ({9:-0.81} 7... d6 8. O-O Nf6 9. Be2 Be6 10. Bf4 a5 11. Nd2
11... Nd4 $16) ({9:-0.58} 7... e6 8. O-O Nf6 9. Bd2 Bd6 10. f4 O-O 11. e5 Qb6+
12. Rf2 $14) 8. Be3 Nf6 9. O-O e6 10. Qd2 Be7 11. Rad1 Ng4 12. Bf4 O-O 13. Be2
Nge5 14. a4 Bd7 15. Be3 Be8 16. f4 Ng6 17. Bg4 Na5 18. Nxa5 Qxa5 19. b3 Qc7 20.
Bd4 Rc8 21. f5 Ne5 22. fxe6 Nxg4 23. Nd5 Qd8 24. Bb6 Bg5 25. Qb4 a5 26. Qxa5
Bd2 27. Qxd2 Qh4 28. h3 fxe6 29. Rxf8+ Kxf8 30. Qf4+ Kg8 31. g3 e5 32. gxh4
exf4 33. Ne7+ Kf8 34. Nxc8 Nf6 35. Nxd6 Bc6 36. Rf1 Nh5 37. Bc5 Kg8 38. e5 Ng3
1-0

[Event "ICS Rated blitz match"]
[Site "207.99.5.190"]
[Date "1999.03.10"]
[Round "?"]
[White "Hossa"]
[Black "Amateur"]
[Result "1-0"]
[WhiteElo "2453"]
[BlackElo "2470"]
[PlyCount "133"]

1. e4 c5 2. Bc4 Nf6 3. d3 d5 4. exd5 Nxd5 5. Nf3 Be6 6. O-O Bg4 7. Re1 Nc6 8.
Bg5 Nb6 9. Bb5 Qd5 10. Nbd2 a6 11. Bxc6+ Qxc6 12. Re4 f5 13. Re2 h6 14. Bf4 Na4
15. Qc1 g5 16. Ne5 Qc7 17. Nxg4 Qxf4 18. Nf6+ Kf7 19. Nh5 Qd4 20. Nc4 Kg8 21.
Ng3 b5 22. c3 Qd8 23. Ne5 f4 24. Ne4 Qd5 25. Nd2 Qd6 26. Qc2 Bg7 27. Qb3+ c4
28. Nexc4 Nc5 29. Nxd6+ Nxb3 30. axb3 exd6 31. Re6 Bf8 32. Nf3 Kf7 33. Nd4 Be7
34. b4 h5 35. f3 h4 36. h3 Rhc8 37. Kf2 Bf8 38. Ra5 Be7 39. Ra2 Bf8 40. Kf1 Be7
41. Ra5 Bf8 42. Ra3 Be7 43. Kf2 Bf8 44. Re1 Bg7 45. Nf5 Bf8 46. Rea1 Rc6 47.
Nd4 Rb6 48. Ra5 Bg7 49. Nxb5 Rc6 50. Na3 Bf6 51. b5 Rxc3 52. bxc3 Bxc3 53. Rxa6
Rxa6 54. bxa6 Bxa1 55. Nb5 Bf6 56. a7 d5 57. d4 Be7 58. a8=Q Kg7 59. Qxd5 Kf6
60. Nc7 Ba3 61. Qd7 Kg6 62. Ne8 Bf8 63. Qe6+ Kh7 64. Qf7+ Kh6 65. Qxf8+ Kg6 66.
Qf6+ Kh5 67. Ng7# {Amateur checkmated} 1-0

[Event "ICS Rated blitz match"]
[Site "207.99.5.190"]
[Date "1999.03.10"]
[Round "?"]
[White "Amateur"]
[Black "Hossa"]
[Result "0-1"]
[WhiteElo "2453"]
[BlackElo "2470"]
[PlyCount "266"]

1. g3 e5 2. c4 Be7 3. Bg2 Nc6 4. Nc3 Nf6 5. Nf3 O-O 6. O-O d6 7. d3 Bg4 8. Be3
Qd7 9. Qb3 Rab8 10. Nd5 Bd8 11. Nb4 Nxb4 12. Qxb4 a6 13. Ba7 Bxf3 14. Bxb8 Bxg2
15. Kxg2 c5 16. Qb3 Be7 17. Ba7 b5 18. cxb5 axb5 19. Bxc5 dxc5 20. a4 c4 21.
Qxb5 Qxb5 22. axb5 cxd3 23. exd3 Bc5 24. f4 Nd5 25. Kf3 exf4 26. d4 Bxd4 27.
Ke4 Bxb2 28. Kxd5 Bxa1 29. Rxa1 fxg3 30. hxg3 f5 31. b6 Rd8+ 32. Ke6 Re8+ 33.
Kxf5 Rb8 34. Rb1 Kf7 35. g4 Rb7 36. Ke5 Ke7 37. Kd5 Kd7 38. Rb2 Rb8 39. Kc5
Rc8+ 40. Kb5 Rc3 41. Ka5 Ra3+ 42. Kb4 Ra8 43. b7 Re8 44. Kb5 Kc7 45. Ka6 Kb8
46. Rb5 Re6+ 47. Ka5 h6 48. g5 h5 49. Rd5 Rc6 50. g6 Rxg6 51. Rxh5 Kxb7 52.
Rb5+ Kc7 53. Rc5+ Kd6 54. Rc1 Rg5+ 55. Kb6 Ke6 56. Rc6+ Kf5 57. Rc5+ Kg4 58.
Rc6 Kh4 59. Kc7 Rg4 60. Rc2 Kh3 61. Kd6 Rg2 62. Rc3+ Rg3 63. Rc1 Kg4 64. Ke5
Re3+ 65. Kd4 Rb3 66. Kc4 Rg3 67. Kd5 Kf3 68. Rc3+ Kg2 69. Rc2+ Kh3 70. Rc7 Rg1
71. Rc3+ Kh4 72. Rc4+ Kg3 73. Ke5 g5 74. Kf5 Kh3 75. Rc3+ Kh4 76. Rc7 Rf1+ 77.
Ke5 Kg3 78. Rc3+ Rf3 79. Rc8 g4 80. Rc4 Rf8 81. Kd6 Kf3 82. Rc3+ Kg2 83. Rc2+
Kg1 84. Rc1+ Rf1 85. Rc3 Rf3 86. Rc1+ Kg2 87. Kd5 Re3 88. Kd4 Re2 89. Kd3 Kf2
90. Rc7 Rb2 91. Rf7+ Kg2 92. Rf6 g3 93. Kc3 Ra2 94. Rf7 Kg1 95. Rf6 Rf2 96. Rb6
Kf1 97. Kd3 Ra2 98. Ke3 Ra1 99. Rf6+ Kg2 100. Rc6 Ra3+ 101. Ke4 Rf3 102. Rd6
Rf7 103. Ke5 Kf1 104. Rd1+ Ke2 105. Ra1 Rf3 106. Ra2+ Kf1 107. Ra1+ Kf2 108.
Ra2+ Kg1 109. Ke4 Rf6 110. Ke5 Rf7 111. Ra1+ Kf2 112. Ke6 Rf8 113. Ke7 Rf3 114.
Ra2+ Kg1 115. Ra5 g2 116. Kd6 Re3 117. Rh5 Kf2 118. Rh2 Kg3 119. Rxg2+ Kxg2
120. Kd5 Kf3 121. Kd4 Kf4 122. Kd5 Rd3+ 123. Kc4 Ke4 124. Kc5 Rc3+ 125. Kb5 Kd5
126. Kb4 Re3 127. Kb5 Rb3+ 128. Ka4 Kc4 129. Ka5 Kc5 130. Ka6 Rb4 131. Ka7 Kc6
132. Ka8 Kc7 133. Ka7 133... Ra4# {Amateur checkmated} 0-1

[Event "ICS Rated blitz match"]
[Site "207.99.5.190"]
[Date "1999.03.10"]
[Round "?"]
[White "Hossa"]
[Black "KillerGrob"]
[Result "0-1"]
[WhiteElo "2485"]
[BlackElo "2852"]
[Annotator "Crafty v16.5"]
[PlyCount "62"]

{annotating for player Hossa using a scoring margin of +0.10 pawns. search
time limit is 20.00} 1. e4 1... e5 2. Nf3 Nc6 3. Bc4 Bc5 4. c3 ({9:-0.33} 4. c3
4... Nf6 5. d3 O-O 6. O-O d5 7. exd5 Nxd5 8. Bg5 8... Qd6 $15) ({9:-0.16} 4.
O-O 4... Nf6 5. d3 O-O 6. Nc3 d6 7. Bg5 Bg4 8. Qe2 $10) 4... Nf6 5. d4 exd4 6.
e5 d5 7. Bb5 Ne4 8. Bxc6+ bxc6 9. cxd4 Bb6 10. Nc3 ({9:-0.25} 10. Nc3 10... O-O
11. O-O Nxc3 12. bxc3 Ba6 13. Re1 Qd7 14. Bg5 14... Bc4 $10) ({9:-0.12} 10. O-O
10... O-O 11. Qc2 Ba6 12. Rd1 c5 13. Nc3 Nxc3 14. Qxc3 14... Be2 $10) 10... O-O
11. Qc2 ({9:-0.54} 11. Qc2 11... Bf5 12. Qa4 Nxc3 13. bxc3 Qd7 14. O-O Bd3 15.
Ba3 15... Rfb8 $15) ({9:-0.26} 11. O-O 11... Nxc3 12. bxc3 Ba6 13. Bg5 Qd7 14.
Re1 Bc4 15. Qc2 15... Rab8 $10) 11... Bf5 12. Rg1 ({9:-1.37} 12. Rg1 12... Qd7
13. Be3 Ba5 14. Nh4 Bg4 15. Rb1 Bxc3+ 16. bxc3 Qe7 17. Nf3 Bxf3 18. gxf3 $17) (
{9:-0.54} 12. Qa4 12... c5 13. O-O Nxc3 14. bxc3 Be4 15. Ng5 Bd3 16. Rd1 16...
c4 $15) 12... Bg6 13. Qb3 c5 14. Nxe4 ({9:-1.35} 14. Nxe4 14... dxe4 15. dxc5
Bxc5 16. Qc3 Qd5 17. Ng5 Bd4 18. Qxc7 Bxe5 19. Qe7 $17) ({9:-1.16} 14. dxc5
14... Nxc5 15. Qxd5 Nd3+ 16. Ke2 Qc8 17. Nd1 Qa6 18. Kd2 Rad8 19. Qc6 $17)
14... dxe4 15. dxc5 Bxc5 16. Qc4 Bb6 17. Bg5 Qe8 18. Nh4 Qxe5 19. Qc1 Ba5+ 20.
Bd2 Bxd2+ 21. Qxd2 Qxh2 22. Rf1 Qxh4 23. Qd4 Qg4 24. g3 Rfd8 25. Qc4 Rab8 26.
b4 Bh5 27. Qc2 Rxb4 28. Rg1 Rc4 29. f3 exf3 30. Qb2 Qe4+ 31. Kf1 Rc2 0-1

[Event "ICS Rated blitz match"]
[Site "207.99.5.190"]
[Date "1999.03.10"]
[Round "?"]
[White "Hossa"]
[Black "Data"]
[Result "0-1"]
[WhiteElo "2482"]
[BlackElo "2878"]
[Annotator "Crafty v16.5"]
[PlyCount "91"]

{annotating for player Hossa using a scoring margin of +0.10 pawns. search
time limit is 20.00} 1. e4 1... c5 2. Bc4 e6 3. Nc3 Nc6 4. Nf3 a6 5. d4 cxd4 6.
Nxd4 Qc7 7. O-O ({8:+0.26} 7. O-O 7... Bd6 8. h3 Nf6 9. Bg5 O-O 10. Bxf6 Nxd4
11. Qxd4 11... gxf6 $10) ({8:+0.61} 7. Nxc6 7... Qxc6 8. Qd3 Bb4 9. O-O b5 10.
Bb3 Bxc3 11. Qxc3 Qxc3 12. bxc3 $14) 7... Bd6 8. g3 ({8:+0.12} 8. g3 8... Nxd4
9. Qxd4 Nf6 10. Bg5 Be5 11. Qd3 O-O 12. Rae1 $10) ({8:+0.24} 8. Kh1 8... Nxd4
9. Qxd4 Nf6 10. Bg5 Be5 11. Qd3 O-O 12. Rae1 $10) 8... Nxd4 9. Qxd4 Nf6 10. Bd2
Be5 11. Qd3 b5 12. Bb3 b4 13. Na4 a5 14. c3 ({9:-0.84} 14. c3 14... bxc3 15.
Nxc3 Ba6 16. Nb5 Qc5 17. a4 Bxb2 18. Rab1 18... Be5 $17) ({9:-0.30} 14. Rfd1
14... Qc6 15. f4 Ba6 16. Qe3 Ng4 17. Qf3 Bd4+ 18. Kg2 f5 19. exf5 Qxf3+ 20.
Kxf3 20... exf5 $10) 14... bxc3 15. Nxc3 Ba6 16. Nb5 Qc6 17. Bc4 Nxe4 18. Bc3
Nxc3 19. bxc3 d5 20. Qe2 Qxc4 21. Qxe5 Bxb5 22. Qxg7 Rf8 23. Rfb1 Qc5 24. Rb2
Bd3 25. Re1 Be4 26. Rb7 Qc8 27. Rb2 Rb8 28. Rb3 Rxb3 29. axb3 Qb8 30. Rf1 Qxb3
31. Rc1 a4 32. Re1 a3 33. Qd4 a2 34. Qc5 Qb1 35. Qc6+ Ke7 36. Qc7+ Kf6 37. Qf4+
Bf5 38. Qe5+ Kg6 39. g4 Bxg4 40. f4 f6 41. Qe3 Bd1 42. Qxe6 a1=Q 43. Qxd5 Qb6+
44. Kf1 Be2+ 45. Kxe2 Qab2+ 46. Kd3 0-1

[Event "ICS rated bullet match"]
[Site "207.99.5.190"]
[Date "1999.03.10"]
[Round "?"]
[White "Hossa"]
[Black "JSBach"]
[Result "1-0"]
[WhiteElo "2425"]
[BlackElo "2097"]
[PlyCount "79"]

1. e4 e5 2. Nf3 d5 3. exd5 Qxd5 4. Nc3 Qe6 5. Be2 Be7 6. O-O Nc6 7. Bb5 Bf6 8.
d4 exd4 9. Re1 dxc3 10. Bxc6+ bxc6 11. b3 Ne7 12. Rxe6 Bxe6 13. Qe2 O-O 14. Bg5
Nd5 15. Bxf6 Nxf6 16. Re1 Rfe8 17. Qd3 Nd5 18. Ng5 Bf5 19. Ne4 Bxe4 20. Rxe4 f6
21. Qe2 Red8 22. Qh5 g6 23. Qh6 Nb4 24. Qc1 Nxa2 25. Qb1 h5 26. Ra4 Rd2 27.
Rxa2 Rad8 28. Ra1 c5 29. f4 Ra8 30. Qe1 Rxc2 31. Qe4 Rb2 32. Qxg6+ Kf8 33.
Qxf6+ Kg8 34. Qg5+ Kh7 35. Qxh5+ Kg7 36. Qe5+ Kh6 37. Ra6+ c6 38. Rxc6+ Kh7 39.
Rc7+ Kh6 40. Qg5# {JSBach checkmated} 1-0

[Event "ICS rated bullet match"]
[Site "207.99.5.190"]
[Date "1999.03.10"]
[Round "?"]
[White "Hossa"]
[Black "TDChess"]
[Result "0-1"]
[WhiteElo "2429"]
[BlackElo "2517"]
[Annotator "Crafty v16.5"]
[PlyCount "98"]

{annotating for player Hossa using a scoring margin of +0.10 pawns. search
time limit is 20.00} 1. e4 1... d5 2. exd5 Qxd5 3. Nc3 Qe6+ 4. Be2 Qg6 5. Bf3
Nc6 6. Nb5 Kd8 7. d3 Ne5 8. Be4 f5 9. Bf3 Bd7 10. Nd4 Kc8 11. g3 Qa6 12. Bg2
Nf7 13. Qf3 ({8:-0.55} 13. Qf3 13... Nf6 14. Nge2 e5 15. Nb3 e4 16. Qe3 16...
Qe6 $15) ({8:+0.18} 13. Ngf3 13... c5 14. Ne2 Nf6 15. O-O Kd8 16. Bf4 16... Qe6
$10) 13... e6 14. Bd2 ({7:-2.06} 14. Bd2 14... c5 15. Nb3 Bc6 16. Qh5 Bxg2 17.
Qxf7 Bxh1 18. Qxf8+ $19) ({7:-0.44} 14. Qh5 14... Ne5 15. Bd2 c5 16. Nb3 Nf6
17. Qd1 $15) 14... Nf6 15. O-O-O ({8:-2.64} 15. O-O-O 15... c5 16. Nge2 cxd4
17. Nxd4 Nd6 18. Kb1 18... Kc7 $19) ({8:-0.31} 15. Qe2 15... e5 16. Nb3 Bc6 17.
Nf3 e4 18. Nh4 18... Bd6 $15) 15... c5 16. Nxe6 Bxe6 17. Re1 Nd8 18. a3 g6 19.
Qe3 Bd6 20. Nf3 Ng4 21. Qe2 Re8 22. Ng5 Bd7 23. Qf3 Rxe1+ 24. Rxe1 h6 25. h3
hxg5 26. hxg4 Bc6 27. Qd1 Bxg2 28. Bxg5 Bh3 29. gxf5 Bxf5 30. d4 cxd4 31. Bxd8
Kxd8 32. g4 Bd7 33. Qxd4 Kc7 34. Kb1 Rf8 35. c4 Rf4 36. Re4 Rxe4 37. Qxe4 Qb6
38. b4 Qxf2 39. c5 Qg1+ 40. Kc2 Qh2+ 41. Kb1 Be5 42. Qc2 Qh1+ 43. Qc1 Qd5 44.
Qc2 Bxg4 45. Kc1 Qf3 46. Qd2 Qf1+ 47. Kc2 Qc4+ 48. Qc3 Qxc3+ 49. Kb1 Qb2# 0-1

[Event "ICS Rated blitz match"]
[Site "207.99.5.190"]
[Date "1999.03.10"]
[Round "?"]
[White "Hossa"]
[Black "StrongBach"]
[Result "1-0"]
[WhiteElo "2475"]
[BlackElo "1868"]
[PlyCount "75"]

1. e4 c6 2. Nc3 e5 3. Nf3 Bd6 4. d4 Qc7 5. dxe5 Bxe5 6. Nxe5 Qxe5 7. Bd3 a5 8.
Na4 Ra7 9. Be3 b6 10. f4 Qe7 11. Nxb6 Ba6 12. Nc8 Bxc8 13. Bxa7 Qb4+ 14. Kf2
Ne7 15. Qe1 Qxb2 16. Rb1 Qxa2 17. Rxb8 Qa3 18. Qa1 Qd6 19. Qxg7 Qxf4+ 20. Ke2
Rf8 21. e5 f6 22. exf6 Rxf6 23. Be3 Re6 24. Qh8+ Kf7 25. Qxh7+ Kf6 26. Rf1
Rxe3+ 27. Kd1 Qxf1+ 28. Bxf1 Re5 29. Qh6+ Kf7 30. Ba6 Rd5+ 31. Ke1 Re5+ 32. Kf2
d5 33. Bxc8 Nxc8 34. Rxc8 Rf5+ 35. Kg3 Ke7 36. Rc7+ Ke8 37. Qxc6+ Kf8 38. Qa8#
{StrongBach checkmated} 1-0

[Event "ICS Rated blitz match"]
[Site "207.99.5.190"]
[Date "1999.03.10"]
[Round "?"]
[White "StrongBach"]
[Black "Hossa"]
[Result "0-1"]
[WhiteElo "1867"]
[BlackElo "2476"]
[PlyCount "92"]

1. f4 Nc6 2. Nc3 d5 3. e3 Nf6 4. Bd3 e6 5. Nf3 Bb4 6. Nb5 a6 7. Nbd4 Nxd4 8.
Nxd4 Bd6 9. O-O c5 10. Nf3 O-O 11. Be2 Bd7 12. Rb1 Rc8 13. c4 dxc4 14. Bxc4 b5
15. Be2 c4 16. d3 cxd3 17. Bxd3 Qb6 18. Rf2 Ng4 19. Re2 Bxf4 20. Re1 Bc6 21.
Qe2 Bxf3 22. Qxf3 Bxh2+ 23. Kh1 Nf6 24. Bxb5 Qxb5 25. Kxh2 Qa5 26. Rf1 Qxa2 27.
Bd2 Nd5 28. Qe4 Qb3 29. Rh1 Rc2 30. Bc1 Rc4 31. Qf3 Qa2 32. Bd2 Rh4+ 33. Kg3
Rxh1 34. Rxh1 Qxb2 35. Qe4 Nf6 36. Qd3 Qxd2 37. Qxd2 Ne4+ 38. Kh4 Nxd2 39. Rd1
Rd8 40. Re1 Kf8 41. Rc1 Rd3 42. Re1 Nc4 43. Rc1 Nxe3 44. g4 Ng2+ 45. Kh5 Rh3+
46. Kg5 46... f6# {StrongBach checkmated} 0-1

[Event "ICS rated bullet match"]
[Site "207.99.5.190"]
[Date "1999.03.10"]
[Round "?"]
[White "Hossa"]
[Black "TDChess"]
[Result "0-1"]
[WhiteElo "2414"]
[BlackElo "2527"]
[Annotator "Crafty v16.5"]
[PlyCount "90"]

{annotating for player Hossa using a scoring margin of +0.10 pawns. search
time limit is 20.00} 1. e4 1... d5 2. exd5 Qxd5 3. Nc3 Qe6+ 4. Be2 Qg6 5. Bf3
Nc6 6. Nb5 Kd8 7. d3 Ne5 8. Be4 f5 9. Bf3 Bd7 10. Nd4 Kc8 11. g3 Qa6 12. Bg2
Ng4 13. f3 ({8:-0.07} 13. f3 13... Qa5+ 14. Bd2 Qc5 15. Nge2 e5 16. b4 Qd6 17.
Nb3 $10) ({8:+0.07} 13. Ngf3 13... N8f6 14. O-O e5 15. Nb3 e4 16. Ng5 16... Qc6
$10) 13... N4f6 14. Nge2 e5 15. Nb3 Qb6 16. Nc3 Bd6 17. Bg5 a5 18. Qc1 f4 19.
Rf1 h6 20. Bxf6 Nxf6 21. Rf2 fxg3 22. hxg3 e4 23. Ne2 e3 24. Rf1 a4 25. Rh1
axb3 26. axb3 Ra5 27. c3 Re8 28. b4 Rxa1 29. Qxa1 Kb8 30. Kd1 Qc6 31. Qa3 h5
32. Kc1 Qd5 33. c4 Qg5 34. f4 Qg4 35. Re1 g5 36. fxg5 Bxg3 37. Rg1 Qxe2 38.
Bxb7 Kxb7 39. Rd1 Bg4 40. Rg1 Qh2 41. Rf1 e2 42. Re1 Bxe1 43. gxf6 Bd2+ 44. Kc2
e1=Q 45. b5 Qd1# 0-1

[Event "ICS rated blitz match"]
[Site "207.99.5.190"]
[Date "1999.03.10"]
[Round "?"]
[White "Hossa"]
[Black "MrsLovett"]
[Result "0-1"]
[WhiteElo "2477"]
[BlackElo "2694"]
[Annotator "Crafty v16.5"]
[PlyCount "96"]

{annotating for player Hossa using a scoring margin of +0.10 pawns. search
time limit is 20.00} 1. e4 1... c5 2. Bc4 e6 3. Nc3 Nc6 4. Nf3 a6 5. d4 cxd4 6.
Nxd4 Qc7 7. Nxc6 Qxc6 8. Qd3 b5 9. Bb3 Bb7 10. O-O Nf6 11. f3 Bc5+ 12. Kh1 Bd6
13. Be3 ({8:-0.21} 13. Be3 13... Qc7 14. g3 O-O 15. Kg1 b4 16. Na4 16... Rac8
$10) ({8:+0.12} 13. Bg5 13... Be5 14. a4 b4 15. Na2 a5 16. Bxf6 Bxf6 17. c3 $10
) 13... Qc7 14. f4 ({8:-1.00} 14. f4 14... b4 15. e5 bxc3 16. exd6 Qc6 17. Rf3
cxb2 18. Rb1 $17) ({8:-0.30} 14. g3 14... O-O 15. Kg1 Be5 16. Bd4 Bxd4+ 17.
Qxd4 e5 18. Qe3 18... b4 $10) 14... b4 15. Nd5 exd5 16. e5 Ng4 17. exd6 Qxd6
18. h3 Nf6 19. a3 bxa3 20. Rfe1 axb2 21. Bc1+ Ne4 22. Bxb2 Qe6 23. Qd4 f6 24.
Qb4 O-O-O 25. Kg1 Rde8 26. Bd4 Qd6 27. Qxd6 Nxd6 28. Red1 Re2 29. Rab1 Nb5 30.
Ba4 Nxd4 31. Rxd4 Bc6 32. Bb3 Rhe8 33. Rf1 Kc7 34. Kh2 R8e4 35. Rdd1 R4e3 36.
h4 a5 37. Ra1 d4 38. Rg1 Rc3 39. Ba4 Kd6 40. h5 Rc5 41. Bb3 Rxh5+ 42. Kg3 Re3+
43. Kg4 g6 44. f5 Rg5+ 45. Kh4 Reg3 46. fxg6 hxg6 47. Be6 dxe6 48. Rxa5 R5g4#
0-1

[Event "ICS rated blitz match"]
[Site "207.99.5.190"]
[Date "1999.03.10"]
[Round "?"]
[White "claudi"]
[Black "Hossa"]
[Result "1-0"]
[WhiteElo "2319"]
[BlackElo "2470"]
[Annotator "Crafty v16.5"]
[PlyCount "71"]

{annotating for player Hossa using a scoring margin of +0.10 pawns. search
time limit is 20.00} 1. d4 1... Nf6 2. Nf3 e6 3. Bf4 Bb4+ 4. c3 Be7 5. Nbd2 Nc6
({10:-0.25} 5... Nc6 6. Qc2 Nd5 7. Bg3 f5 8. e3 O-O 9. O-O-O f4 10. e4 $10) ({
10:-0.07} 5... Nh5 6. Be3 f5 7. g3 Na6 8. Qa4 c5 9. O-O-O cxd4 10. Qxd4 10...
O-O $10) 6. e4 O-O 7. Bd3 d6 8. Qe2 b6 ({9:-0.65} 8... b6 9. e5 dxe5 10. dxe5
Nd5 11. Qe4 f5 12. exf6 Nxf4 13. Qxh7+ Kf7 14. Qxg7+ Ke8 15. Be4 $14) ({9:-0.19
} 8... Nh5 9. Bg3 f5 10. exf5 exf5 11. O-O-O Re8 12. Rhe1 Nxg3 13. hxg3 13...
Bd7 $10) 9. h3 Bd7 10. g4 Na5 11. O-O-O c5 12. d5 exd5 13. exd5 Nxd5 14. Bxh7+
Kh8 15. Bg3 g6 16. h4 Kxh7 17. h5 Kg7 18. Ne4 Be6 19. Qd2 Kg8 20. hxg6 fxg6 21.
Qh6 Kf7 22. Nfg5+ Bxg5+ 23. Nxg5+ Ke7 24. Rhe1 Kd7 25. Rxe6 Kc6 26. Qxg6 Nc4
27. Rxd5 Qc8 28. Qe4 Kb5 29. a4+ Ka5 30. Qxc4 Qc6 31. b4+ Kxa4 32. b5+ Ka5 33.
Re2 Rxf2 34. Rxf2 Qxb5 35. Ra2+ Qa4 36. Rxa4# 1-0

[Event "ICS rated bullet match"]
[Site "207.99.5.190"]
[Date "1999.03.10"]
[Round "?"]
[White "mandamus"]
[Black "Hossa"]
[Result "1-0"]
[WhiteElo "2666"]
[BlackElo "2416"]
[Annotator "Crafty v16.5"]
[PlyCount "161"]

{annotating for player Hossa using a scoring margin of +0.10 pawns. search
time limit is 20.00} 1. d4 1... Nf6 2. c4 g6 3. Nc3 Bg7 4. e4 d6 5. Be2 O-O 6.
Nf3 Bg4 7. Be3 Nc6 8. d5 Bxf3 9. Bxf3 Ne5 10. Be2 e6 11. f4 Ned7 12. dxe6 fxe6
13. Qb3 Ng4 14. Bxg4 Qh4+ 15. Kf1 Qxg4 16. a4 Bxc3 17. Qxc3 e5 18. Qd2 exf4 19.
Qd5+ Rf7 20. Bf2 f3 21. Rg1 Rb8 22. Re1 Nb6 23. Qd4 Rbf8 24. a5 Nc8 25. Re3 Qh5
26. Qd5 Qxh2 27. Rxf3 c6 28. Qe6 Qe5 29. Qxe5 dxe5 30. Ke2 Rf4 31. Bc5 Rxe4+
32. Kd3 Rxf3+ 33. Kxe4 Rf4+ 34. Kxe5 Rxc4 35. Ba3 Ra4 36. Rd1 Rxa5+ 37. Ke6 Rd5
38. Rxd5 cxd5 39. Bc5 a6 40. Bd4 b6 41. Kxd5 Kf7 42. Kc6 b5 43. Kb7 Ne7 44.
Kxa6 b4 45. Kb5 Nf5 46. Bf2 b3 47. Kc4 Ke6 48. Kxb3 h5 49. Kc4 Nd6+ 50. Kd4 g5
51. b4 Nb7 52. b5 Nd6 53. b6 h4 54. Kc5 Kd7 55. Kd5 Nf7 56. Be1 Nd8 57. Kc5
Ne6+ 58. Kb5 Kc8 59. Ka6 Kb8 60. Bb4 Nd8 61. Be7 Nb7 62. Bxg5 h3 63. gxh3 Nc5+
64. Kb5 Ne6 65. Be3 Kb7 66. h4 Ng7 67. Bf4 Nf5 68. h5 Nd4+ 69. Kb4 Ne6 70. Be3
Kc6 71. h6 Nf8 72. Ka5 Kb7 73. Bg5 Ng6 74. h7 Nh8 75. Bf6 Ng6 76. Kb5 Nf8 77.
h8=Q Ng6 78. Qh7+ Ne7 79. Qxe7+ Kb8 80. Qa7+ Kc8 81. Qc7# 1-0

[Event "ICS rated blitz match"]
[Site "207.99.5.190"]
[Date "1999.03.10"]
[Round "?"]
[White "Hossa"]
[Black "bine"]
[Result "1-0"]
[WhiteElo "2447"]
[BlackElo "2298"]
[PlyCount "57"]

1. e4 Nc6 2. Nf3 d6 3. Bb5 Nf6 4. e5 dxe5 5. Nxe5 Qd5 6. Bxc6+ bxc6 7. Nf3 e5
8. Nc3 Qa5 9. O-O Bd6 10. d4 exd4 11. Re1+ Be6 12. Nxd4 O-O 13. Nxe6 fxe6 14.
Rxe6 Rad8 15. Qe2 Qf5 16. Qc4 Bxh2+ 17. Kxh2 Ng4+ 18. Kg3 Qxf2+ 19. Kh3 Rd4 20.
Qe2 Qf5 21. Kg3 Qh5 22. Ne4 Rxe4 23. Rxe4 Qh2+ 24. Kxg4 h5+ 25. Kg5 Qg3+ 26.
Rg4 hxg4 27. Qc4+ Rf7 28. Bf4 Qxg2 29. Rd1 {bine resigns} 1-0

[Event "ICS rated blitz match"]
[Site "207.99.5.190"]
[Date "1999.03.10"]
[Round "?"]
[White "perove"]
[Black "Hossa"]
[Result "0-1"]
[WhiteElo "2351"]
[BlackElo "2457"]
[PlyCount "54"]

1. c4 e5 2. g3 c6 3. Nf3 e4 4. Nd4 d5 5. cxd5 Qxd5 6. Nb3 e3 7. f3 Bb4 8. Nc3
Bxc3 9. dxc3 Qxd1+ 10. Kxd1 a5 11. Bxe3 a4 12. Nc5 Ne7 13. Bf2 O-O 14. e4 a3
15. b3 f5 16. Bd3 fxe4 17. Bxe4 Bf5 18. Bxf5 Rxf5 19. f4 Nd7 20. Nxd7 Rd8 21.
Ke2 Rxd7 22. Rad1 Nd5 23. Bd4 c5 24. Be5 Rxe5+ 25. fxe5 Nxc3+ 26. Ke3 Nxd1+ 27.
Ke4 27... Nf2+ {perove resigns} 0-1

[Event "ICS rated blitz match"]
[Site "207.99.5.190"]
[Date "1999.03.10"]
[Round "?"]
[White "Hossa"]
[Black "perove"]
[Result "1-0"]
[WhiteElo "2459"]
[BlackElo "2298"]
[PlyCount "101"]

1. e4 c6 2. Nc3 d5 3. exd5 cxd5 4. Nf3 Nc6 5. Bb5 Bg4 6. O-O e6 7. a3 Bd6 8.
Re1 a6 9. Bxc6+ bxc6 10. h3 Bh5 11. d4 Nf6 12. g4 Bg6 13. Ne5 Qc7 14. g5 Ne4
15. Nxg6 Nxc3 16. Qd3 hxg6 17. Qxc3 Ke7 18. Qf3 Rh4 19. c3 Rah8 20. Re3 Bf4 21.
Rd3 Bxc1 22. Rxc1 Rxh3 23. Qxh3 Rxh3 24. Rxh3 Qf4 25. Re3 Qxg5+ 26. Kf1 Qh5 27.
Rce1 g5 28. b4 g4 29. a4 Qf5 30. Rc1 g5 31. Ke2 Kf8 32. c4 dxc4 33. Rxc4 Qb1
34. Rxc6 Qxb4 35. Rc8+ Kg7 36. Re5 Kf6 37. Rcc5 Qxd4 38. Rxg5 Qxa4 39. Kf1 Qf4
40. Rg8 e5 41. Rc6+ Kf5 42. Rf8 Ke4 43. Rc4+ Kf3 44. Rxf4+ exf4 45. Rxf7 a5 46.
Ra7 g3 47. Rxa5 g2+ 48. Kg1 Kg4 49. Kxg2 f3+ 50. Kh2 Kf4 51. Ra4+ {
perove resigns} 1-0

[Event "ICS rated blitz match"]
[Site "207.99.5.190"]
[Date "1999.03.10"]
[Round "?"]
[White "perove"]
[Black "Hossa"]
[Result "0-1"]
[WhiteElo "2264"]
[BlackElo "2461"]
[PlyCount "36"]

1. c4 e5 2. g3 Be7 3. Bg2 Nc6 4. Nc3 Nf6 5. d3 d6 6. Nf3 Be6 7. O-O O-O 8. h3
Rc8 9. e4 Nd4 10. Be3 Nxf3+ 11. Qxf3 Qd7 12. Kh2 Ng4+ 13. Kg1 Nxe3 14. Qxe3
Bxh3 15. f4 Bxg2 16. Kxg2 exf4 17. gxf4 Qg4+ 18. Kf2 18... Bh4+ {perove resigns
} 0-1

[Event "ICS rated blitz match"]
[Site "207.99.5.190"]
[Date "1999.03.10"]
[Round "?"]
[White "Hossa"]
[Black "perove"]
[Result "1-0"]
[WhiteElo "2463"]
[BlackElo "2241"]
[PlyCount "29"]

1. e4 d5 2. exd5 Nf6 3. Bb5+ Bd7 4. Bc4 c6 5. dxc6 Nxc6 6. Nf3 Bg4 7. O-O g6 8.
h3 Bf5 9. Ng5 e6 10. Re1 Be7 11. g4 Nxg4 12. hxg4 Bxg5 13. gxf5 gxf5 14. Qh5
Qf6 15. Rxe6+ {perove resigns} 1-0